Safest Countries - Statistics

General Stats
  • This quiz has been taken 58 times
  • The average score is 19 of 25
Answer Stats
# Country % Correct
2 Denmark
100%
1 Iceland
96%
17 Norway
96%
14 Sweden
96%
15 Australia
94%
8 Canada
93%
11 Finland
93%
4 New Zealand
91%
25 Spain
89%
7 Switzerland
89%
3 Austria
83%
9 Japan
83%
5 Portugal
83%
18 Belgium
80%
16 Germany
80%
21 Netherlands
80%
12 Ireland
78%
6 Czech Republic
72%
22 Poland
69%
19 Hungary
67%
24 Slovakia
67%
20 Singapore
65%
10 Slovenia
63%
13 Bhutan
20%
23 Mauritius
9%
No matching quizzes found
Score Distribution
Percent of People with Each Score
Percentile by Number Answered
Your Score History
You have not taken this quiz